[Event "Challenge"]
[Site "http://www.queenalice.com/game.php?id=333798"]
[Date "2008.1.9"]
[Round "-"]
[White "Croftsy"]
[Black "TheTruth"]
[Result "0-1"]
[WhiteElo "1487"]
[BlackElo "1675"]

1. e4 e5 2. Nf3 Nf6 3. d3 Nc6 4. h4 Bc5 5. Bd2 Ng4 6. Be3 Nxe3 7. fxe3 Bxe3 8.
Qe2 Bc1 9. Nbd2 Bxb2 10. Rb1 Bc3 11. Qe3 Nb4 12. Qc5 Nxc2+ 13. Kd1 Bxd2 14. Kxd2
Nd4 15. Qxe5+ Ne6 16. Ng5 O-O 17. Qf5 g6 18. Qf3 Nxg5 19. hxg5 Qxg5+ 20. Ke1
Qa5+ 21. Ke2 Qxa2+ 22. Ke3 Qxb1 23. g4 Qc1+ 24. Kf2 Qc5+ 25. Kg2 d5 26. g5 dxe4
27. Qh3 Bxh3+ 0-1

[Event "Challenge"]
[Site "http://www.queenalice.com/game.php?id=333800"]
[Date "2008.1.9"]
[Round "-"]
[White "Croftsy"]
[Black "Reddaz"]
[Result "0-1"]
[WhiteElo "1560"]
[BlackElo "1917"]

1. e4 c5 2. Nf3 e6 3. e5 Nc6 4. d4 cxd4 5. Bb5 Qa5+ 6. Bd2 Qxb5 7. b3 Nxe5 8. a4
Qd5 9. O-O Ne7 10. Na3 N7c6 11. Nb5 Bd6 12. Ng5 O-O 13. h4 b6 14. Bf4 Bb7 15. c4
Qc5 16. Qh5 h6 17. Ne4 Qb4 18. Nbxd6 Nd3 19. Bd2 Qxb3 20. Nxb7 Qxc4 21. Nbd6 Qd5
22. Qxd5 exd5 23. Ng3 Nde5 24. Nb5 d3 25. Bb4 Nxb4 26. Rfe1 Nc2 27. Rxe5 Nxa1
28. Rxd5 a6 29. Nc7 Rac8 30. Nxa6 Rc3 31. Rxd7 Nb3 32. Ne4 Rc4 33. Rxd3 Rxe4 34.
Rxb3 Rxa4 35. Rxb6 Rxh4 36. Nc5 Rc8 37. Rb5 Rd8 38. g3 Rd1+ 39. Kg2 Rh5 40. Rb8+
Kh7 41. Ne4 f5 42. Nc3 Rdh1 43. Ne2 g5 44. Rf8 g4 45. Ng1 Kg6 46. f3 gxf3+ 47.
Nxf3 Kg7 48. Re8 R5h3 49. Nd4 R3h2+ 50. Kf3 Rf1+ 51. Ke3 Re1+ 52. Kf4 Rxe8 53.
Nxf5+ Kg6 54. Nh4+ Rxh4+ 55. gxh4 Kh5 56. Kg3 Re3+ 57. Kf4 Rh3 58. Kf5 Rxh4 59.
Ke6 Re4+ 60. Kf5 Ra4 61. Kf6 Kg4 62. Kg6 h5 0-1

[Event "Challenge"]
[Site "http://www.queenalice.com/game.php?id=356486"]
[Date "2008.2.18"]
[Round "-"]
[White "Croftsy"]
[Black "Football_rules"]
[Result "0-1"]
[WhiteElo "1581"]
[BlackElo "1510"]

1. d4 d5 2. Nc3 Nf6 3. Nf3 Nc6 4. g3 e6 5. Bg2 Bd6 6. O-O b6 7. Be3 h6 8. a4 Bb7
9. Nb5 O-O 10. Nxd6 Qxd6 11. Bf4 Qd7 12. Ne5 Nxe5 13. Bxe5 Bc6 14. Bxf6 gxf6 15.
b3 Rfd8 16. e3 Kf8 17. Qh5 Ke7 18. Qxh6 Rh8 19. Qf4 Rag8 20. Qf3 a5 21. Qe2 Rg7
22. f4 Rgh7 23. h4 b5 24. e4 dxe4 25. Bxe4 Bxe4 26. Qxe4 b4 27. Rad1 c6 28. f5
Qc8 29. Rfe1 Qg8 30. Kh2 Qb8 31. d5 Rxh4+ 32. Qxh4 Rxh4+ 33. Kg2 Rh8 34. dxc6 e5
35. Rd7+ Kf8 36. Red1 Kg7 37. R1d5 Qa8 38. Rb7 e4 39. Rdd7 e3 40. Rxf7+ Kh6 41.
Rxf6+ Kg5 42. Rg7+ Kxf6 0-1

[Event "Challenge"]
[Site "http://www.queenalice.com/game.php?id=357277"]
[Date "2008.2.19"]
[Round "-"]
[White "Croftsy"]
[Black "Mr_E_Fudd"]
[Result "0-1"]
[WhiteElo "1562"]
[BlackElo "1665"]

1. e4 c5 2. Nc3 e5 3. Nf3 Nc6 4. Nd5 Nd4 5. Nxe5 g6 6. c3 Nc6 7. Nxc6 dxc6 8.
Ne3 Be7 9. b4 cxb4 10. Qb3 Nf6 11. g3 Be6 12. Qc2 a5 13. e5 Nd5 14. c4 Nc3 15.
dxc3 bxc3 16. a3 Bc5 17. Qxc3 Bd4 18. Qd2 Bxa1 19. Nc2 Bxe5 20. Bg2 O-O 21. O-O
Bxc4 22. Re1 Re8 23. Ne3 Qxd2 24. Bxd2 Bd3 25. Ng4 Bb2 26. Rd1 Bc2 27. Rf1 Re2
28. Bh6 f5 29. Ne3 Bd3 30. Bf3 Rxe3 31. Bxe3 Bxf1 32. Kxf1 Bxa3 33. Be2 b5 34.
Bf3 Rc8 35. Bd2 b4 36. g4 b3 37. gxf5 gxf5 38. Be2 b2 39. Bc4+ Kf8 40. Bh6+ Ke8
41. Bd3 Rb8 42. Bb1 Bd6 43. h4 a4 44. Be3 a3 45. Ba7 Ra8 46. Bd4 a2 0-1

[Event "Challenge"]
[Site "http://www.queenalice.com/game.php?id=357316"]
[Date "2008.2.19"]
[Round "-"]
[White "Croftsy"]
[Black "akenathon"]
[Result "1-0"]
[WhiteElo "1571"]
[BlackElo "1429"]

1. e4 e5 2. d4 d5 3. Be3 c6 4. Nc3 g6 5. Nf3 f6 6. Bd3 Bh6 7. Qd2 g5 8. dxe5 g4
9. Nd4 fxe5 10. Nf5 Bxe3 11. Qxe3 d4 12. Qg3 dxc3 13. Qxe5+ Kf8 14. Qxh8 b6 15.
Qg7+ Ke8 16. Qxg8+ Kd7 17. Qxg4 cxb2 18. Rb1 Qf6 19. Ne3+ Kd8 20. Qg8+ Kd7 21.
Ng4 Qd8 22. Qxh7+ Ke8 23. Rxb2 Nd7 24. O-O Nf6 25. Qg6+ Kd7 26. Nxf6+ Kd6 27.
Rd1 b5 28. Bxb5+ Kc7 29. Rxd8 Kxd8 30. Qe8+ Kc7 31. Bxc6 Rb8 32. Qe7+ Kxc6 33.
Rxb8 Bd7 34. Qxd7+ Kc5 35. Qxa7+ 1-0

[Event "Challenge"]
[Site "http://www.queenalice.com/game.php?id=370603"]
[Date "2008.3.13"]
[Round "-"]
[White "Croftsy"]
[Black "luke6469"]
[Result "0-1"]
[WhiteElo "1559"]
[BlackElo "1947"]

1. e4 c5 2. g3 Nc6 3. Bg2 Nf6 4. Nc3 d6 5. Nf3 g6 6. O-O Bg7 7. Nd5 Nxe4 8. d3
Nf6 9. Nxf6+ Bxf6 10. Bh6 Bxb2 11. Rb1 Bc3 12. Rb3 Bb4 13. a3 Ba5 14. Bg7 Rg8
15. Ba1 Qc7 16. Ng5 h6 17. Ne4 Be6 18. Rb1 Bb6 19. Qd2 d5 20. Nc3 O-O-O 21. Nb5
Qd7 22. Qxh6 d4 23. Qd2 Rh8 24. c4 Bh3 25. a4 Bxg2 26. Kxg2 Qh3+ 27. Kf3 Qh5+
28. Kg2 Qxh2+ 29. Kf3 Qh5+ 30. Kg2 Ne5 31. Qd1 Qh2# 0-1

[Event "Challenge"]
[Site "http://www.queenalice.com/game.php?id=370604"]
[Date "2008.3.13"]
[Round "-"]
[White "Croftsy"]
[Black "Dean20"]
[Result "0-1"]
[WhiteElo "1562"]
[BlackElo "1902"]

1. e4 e5 2. g3 b6 3. Bg2 Bb7 4. Nc3 Nf6 5. d3 d5 6. Nxd5 Nxd5 7. exd5 Bxd5 8.
Nf3 f6 9. O-O g5 10. c4 Bc6 11. h4 h6 12. h5 Nd7 13. Nd2 Bxg2 14. Kxg2 Nc5 15.
Nb3 Qe7 16. Re1 O-O-O 17. Qf3 Kb8 18. Rd1 e4 19. dxe4 Rxd1 20. Qxd1 Qxe4+ 21.
Kg1 Be7 22. Qd5 Qe1+ 23. Kg2 Rd8 24. Qf3 Nxb3 25. Qxb3 Rd1 26. Kf3 f5 27. Qc3
Qe4# 0-1

[Event "Challenge"]
[Site "http://www.queenalice.com/game.php?id=370605"]
[Date "2008.3.13"]
[Round "-"]
[White "Croftsy"]
[Black "rafaelalves"]
[Result "1-0"]
[WhiteElo "1549"]
[BlackElo "1394"]

1. e4 e5 2. d3 d5 3. Nf3 Bg4 4. h3 Bxf3 5. Qxf3 d4 6. Qh5 Bb4+ 7. c3 Bc5 8.
Qxe5+ Qe7 9. Qxg7 Qf6 10. Qg3 dxc3 11. Nxc3 Ne7 12. Qxc7 Nbc6 13. f3 Qh4+ 14.
Kd1 Rb8 15. Qf4 Qf2 16. a3 Ng6 17. Qd2 Qd4 18. Nb5 Qa4+ 19. b3 Qxb3+ 20. Qc2
Qxc2+ 21. Kxc2 O-O 22. Bb2 a6 23. Nc7 Rbc8 24. Nd5 Nd4+ 25. Kd1 Nb3 26. Nf6+ Kg7
27. Nd5+ Nd4 28. h4 f5 29. Rc1 fxe4 30. Rxc5 exf3 31. Bxd4+ Kh6 32. h5 Nf4 33.
Bg7+ Kxg7 34. h6+ Kf7 35. Rxc8 fxg2 36. Rxf8+ Kxf8 37. Bxg2 Nxg2 38. Nf6 Nf4 39.
Nxh7+ Ke7 40. d4 Nd3 41. Re1+ Kd6 42. Nf6 Nf4 43. Rg1 Ke6 44. Ng8 Nh3 45. h7 1-0

[Event "Challenge"]
[Site "http://www.queenalice.com/game.php?id=370606"]
[Date "2008.3.13"]
[Round "-"]
[White "Croftsy"]
[Black "jupar"]
[Result "0-1"]
[WhiteElo "1525"]
[BlackElo "1728"]

1. e4 e5 2. g3 Nc6 3. Bg2 Nf6 4. a3 a5 5. d3 Be7 6. Nf3 d6 7. h3 O-O 8. O-O Bd7
9. Nc3 Re8 10. Nd5 Nxd5 11. exd5 Nd4 12. c4 c6 13. Nxd4 exd4 14. b3 Bf6 15. Bf4
cxd5 16. Bxd5 Be5 17. Qf3 Bxh3 18. Rfe1 Qe7 19. Bxb7 Rab8 20. Bd5 Qc7 21. Bd2
Be6 22. Qh5 Bxd5 23. cxd5 Rxb3 24. f4 g6 25. Qh6 Rxd3 26. Rac1 Qb6 27. fxe5 Rxd2
28. Qxd2 dxe5 29. Qc2 d3+ 30. Qf2 Qxf2+ 0-1

[Event "Challenge"]
[Site "http://www.queenalice.com/game.php?id=370607"]
[Date "2008.3.13"]
[Round "-"]
[White "Croftsy"]
[Black "mustangmike"]
[Result "0-1"]
[WhiteElo "1525"]
[BlackElo "1927"]

1. e4 c5 2. g3 Nf6 3. Bg2 e5 4. Nc3 Nc6 5. Nd5 b5 6. Nxf6+ Qxf6 7. Nf3 Ba6 8. b3
b4 9. Bb2 Bd6 10. d3 Na5 11. O-O O-O 12. h4 Rac8 13. Bh3 Rc7 14. Bc1 Qd8 15. Bf5
g6 16. Bh6 Re8 17. Bh3 f6 18. Nh2 Nc6 19. Qg4 Nd4 20. h5 g5 21. Qd1 Re7 22. Ng4
Kf7 23. Ne3 Bb7 24. Nc4 Rc6 25. Bf5 Nxf5 26. exf5 Bc7 27. a4 d5 28. Ne3 d4 29.
Nc4 Qd5 30. a5 Ra6 31. f3 g4 32. Nd2 Bc8 33. fxg4 Bb7 34. Ne4 Bxa5 35. g5 fxg5
36. Bxg5 Re8 37. Bf6 Rxf6 38. Rxa5 Ra6 39. Rxc5 Qd8 0-1

[Event "Challenge"]
[Site "http://www.queenalice.com/game.php?id=388123"]
[Date "2008.4.15"]
[Round "-"]
[White "Croftsy"]
[Black "Alacrity"]
[Result "0-1"]
[WhiteElo "1557"]
[BlackElo "1725"]

1. Nf3 d5 2. e3 Nf6 3. b3 Bg4 4. Bb5+ Nbd7 5. h3 Bxf3 6. Qxf3 e5 7. O-O c6 8.
Be2 e4 9. Qf4 Be7 10. Bb2 O-O 11. d3 Nc5 12. d4 Ne6 13. Qg3 Bd6 14. Qh4 Qc7 15.
f4 exf3 16. Bxf3 Bg3 17. Qxf6 gxf6 18. Bh5 Ng5 19. Ba3 Rfe8 20. Rxf6 Rxe3 21.
Nd2 Rc3 22. Nf3 Ne4 23. Bxf7+ Kh8 24. Bb2 Bf2+ 25. Kf1 Rxc2 26. Ba3 Ng3# 0-1

[Event "Challenge"]
[Site "http://www.queenalice.com/game.php?id=388124"]
[Date "2008.4.15"]
[Round "-"]
[White "Croftsy"]
[Black "jaychess"]
[Result "0-1"]
[WhiteElo "1565"]
[BlackElo "1575"]

1. Nf3 d6 2. Nc3 e5 3. e4 f5 4. d3 g5 5. Bxg5 Be7 6. Bxe7 Nxe7 7. exf5 Bxf5 8.
Ng5 Ng6 9. Qh5 Qe7 10. Nd5 Qd8 11. Ne3 Qd7 12. g4 Be6 13. Bg2 c6 14. h3 Bf7 15.
Nxf7 Qxf7 16. Nf5 O-O 17. Nxd6 Qxf2+ 18. Kd1 Qxg2 19. Re1 Rf1 20. Qxe5 Nxe5 21.
Nf5 Nf3 22. Ne7+ Kf7 0-1

[Event "Challenge"]
[Site "http://www.queenalice.com/game.php?id=388126"]
[Date "2008.4.15"]
[Round "-"]
[White "Croftsy"]
[Black "hooligan"]
[Result "1-0"]
[WhiteElo "1558"]
[BlackElo "1332"]

1. Nf3 d6 2. Nc3 e5 3. e4 Nc6 4. d4 a5 5. d5 Nd4 6. Be3 Nxf3+ 7. Qxf3 f6 8. Bb5+
Bd7 9. Qh5+ g6 10. Qe2 c6 11. dxc6 bxc6 12. Bd3 h5 13. O-O-O d5 14. exd5 c5 15.
Bxg6+ Ke7 16. Bxc5# 1-0

[Event "Challenge"]
[Site "http://www.queenalice.com/game.php?id=396463"]
[Date "2008.5.1"]
[Round "-"]
[White "Marso"]
[Black "Croftsy"]
[Result "1-0"]
[WhiteElo "1662"]
[BlackElo "1548"]

1. e4 Nc6 2. d4 e6 3. Bb5 Qh4 4. Bxc6 bxc6 5. Nd2 d5 6. Ngf3 Qe7 7. c4 dxe4 8.
Nxe4 Qb4+ 9. Nfd2 Bb7 10. a3 Qa5 11. O-O g6 12. Qf3 Bg7 13. Nb3 Qa4 14. Ng5 Bf6
15. Ne4 Qxc4 16. Nxf6+ Nxf6 17. Qxf6 O-O 18. Na5 Qb5 19. Nxb7 Qxb7 20. Bh6 1-0

[Event "Challenge"]
[Site "http://www.queenalice.com/game.php?id=396983"]
[Date "2008.5.2"]
[Round "-"]
[White "jaychess"]
[Black "Croftsy"]
[Result "1-0"]
[WhiteElo "1629"]
[BlackElo "1537"]

1. d4 Nf6 2. c4 e6 3. Nc3 Qe7 4. Bd2 Qb4 5. b3 d5 6. Nxd5 Qd6 7. Nxf6+ gxf6 8.
e3 Nc6 9. Nf3 e5 10. Bc3 Bg4 11. Be2 Bxf3 12. Bxf3 O-O-O 13. d5 Ne7 14. O-O f5
15. e4 fxe4 16. Bxe4 f5 17. Bc2 1-0